000 00845cab a2200265 4500
001 WB2946-08
008 090401t1993 xxu||||| |||| 00| 0 eng d
035 _a(Sirsi) u86249
041 _aeng
245 _aCut-price goods find a new outlet
260 _c1993
350 _a0
490 _aIndependent
_v7 December 1993, 33(2)
520 _aLooks at the growth in US-style factory outlets in the UK discussing the Tobacco Dock scheme and the BAA/McArthur/Glen joint venture to develop suitable sites in the UK and Europe.
650 _aCLARKS VILLAGE
650 _aDISCOUNT STORES
650 _aFACTORY OUTLETS
650 _aFACTORY SHOPPING
650 _aOUT-OF-TOWN SHOPPING
650 _aRETAILING
650 _aTOBACCO DOCK
690 _aPROPERTY-COMMERCIAL PROPERTY-RETAIL PROPERTY
942 _n0
948 _c04/03/1997
999 _c54260
_d54260